Catálogo
 En Linea

A & B up selling, técnicas de ventas en el restaurante / (Registro nro. 35247)

Detalles MARC
000 -CABECERA
campo de control de longitud fija 00601nam a2200181 a 4500
001 - NÚMERO DE CONTROL
campo de control 000035756
005 - FECHA Y HORA DE LA ÚLTIMA TRANSACCIÓN
campo de control 20200930074603.0
008 - DATOS DE LONGITUD FIJA--INFORMACIÓN GENERAL
campo de control de longitud fija 111110s2011 dr ac 000 0 spa d
020 ## - NÚMERO INTERNACIONAL ESTÁNDAR DEL LIBRO
Número Internacional Estándar del Libro 9789945871821
040 ## - FUENTE DE LA CATALOGACIÓN
Centro catalogador/agencia de origen DO-SdBNP
Lengua de catalogación spa
Centro/agencia transcriptor BNPHU
049 ## - FONDOS LOCALES (OCLC)
Fondos de biblioteca BNPD
100 1# - ENTRADA PRINCIPAL--NOMBRE DE PERSONA
Nombre de persona Febles, Juan
9 (RLIN) 22082
245 10 - MENCIÓN DE TÍTULO
Título A & B up selling, técnicas de ventas en el restaurante /
Mención de responsabilidad, etc. Juan Febles, Juan Santana.
260 ## - PUBLICACIÓN, DISTRIBUCIÓN, ETC.
Lugar de publicación, distribución, etc. Santo Domingo :
Nombre del editor, distribuidor, etc. Esuela Dominicana de Alimentos y Bebidas,
Fecha de publicación, distribución, etc. 2011.
300 ## - DESCRIPCIÓN FÍSICA
Extensión 98 p. :
Otras características físicas il., retrs. ;
Dimensiones 23 cm.
590 ## - NOTA LOCAL (RLIN)
Nota local Tres ejemplares auto biografiado
700 12 - PUNTO DE ACCESO ADICIONAL--NOMBRE DE PERSONA
Nombre de persona Santana, Juana
9 (RLIN) 61704
Existencias
Estado de retiro Estado de pérdida Restricciones de uso No para préstamo Código de colección Localización permanente Ubicación/localización actual Ubicación en estantería Fecha de adquisición Número de inventario Total de préstamos Signatura topográfica completa Código de barras Fecha visto por última vez Número de copia Precio válido a partir de Tipo de ítem Koha
        Dominicana de Servicio Patrimonio Dominicano Patrimonio Dominicano En catalogación 10.11.2011 LF1   35756-10 25.06.2020 e. 3 25.06.2020 Libro y Folleto Colección Dominicana de Servicio
      Excluido de préstamo Patrimonio Dominicano Patrimonio Dominicano Patrimonio Dominicano En catalogación 10.11.2011 LF1   35756-20 25.06.2020 e. 2 25.06.2020 Libro y Folleto Colección Patrimonio Dominicano
      Excluido de préstamo Patrimonio Dominicano Patrimonio Dominicano Patrimonio Dominicano En catalogación 10.11.2011 LF1   35756-30 25.06.2020   25.06.2020 Libro y Folleto Colección Patrimonio Dominicano

Con tecnología Koha